|
|
|
|
| LEADER |
00000cac a2200000 a 4500 |
| 001 |
75511-5 |
| 003 |
Ucuenca |
| 005 |
20230308211723.0 |
| 008 |
000000|1999 ec |||||r|||||||||||spa|| |
| 040 |
|
|
|b spa
|
| 041 |
0 |
|
|a es
|
| 082 |
0 |
|
|a 614.7
|
| 100 |
1 |
|
|9 211606
|a Gómez, Susana
|
| 245 |
|
|
|a Educación sanitaria
|c Susana Gómez, Marivel Maya
|h imp
|
| 264 |
|
|
|a Cuenca
|b Camaren
|c 1999
|
| 300 |
|
|
|a 84 páginas:
|b ilu
|c 29.5 cm
|
| 490 |
|
|
|a Agua para consumo humano
|
| 504 |
|
|
|a incl. ref.
|
| 505 |
1 |
|
|a La educación sanitaria y el desarrollo comunitario -- Comunicación y educación -- Herramientas para el proceso educativo -- Ideas para el desarrollo de sesiones educativas en saneamiento básico.
|
| 520 |
3 |
|
|a EL presente trabajo tiene como objetivo proporcionar una herramienta a toda persona que se involucre en un trabajo de desarrollo comunitario, específicamente, en educación sanitaria dentro de proyectos de agua y saneamiento.
|
| 650 |
|
0 |
|a Agua para consumo humano
|9 117919
|
| 650 |
|
0 |
|a Educacion sanitaria
|9 44039
|
| 773 |
|
|
|g 84 páginas:
|
| 852 |
|
|
|a UC-CDJBV
|f Compra
|l 1
|m General
|p 00000000
|r 2
|t 75511-5
|y 139879
|b 0
|d CDRC
|e CDRC
|g 614.7 SEGUNDO PISO
|z 0000-00-00
|
| 942 |
|
|
|c CR
|2 ddc
|r ivan.verdugo@ucuenca.edu.ec
|0 1
|
| 999 |
|
|
|c 119616
|d 119616
|